000 00464nam a2200157Ia 4500
999 _c20844
_d20844
003 OSt
005 20200605115510.0
008 190216s9999||||xx |||||||||||||| ||und||
040 _coclc
082 _a327
_bMUT/I
100 _aMuthiah, Krishnaveni
_92521
245 0 _aInternational Relations /
_c Krishnaveni Muthiah
260 _bHimalaya Publishing House,
_c2001.
_aMumbai:
300 _a273p
942 _cBK
_2ddc
_h327
_iMUT/I
_k327
_mMUT/I